[Event "Wichern op 5th"]
[Site "Hamburg"]
[Date "1999.10.16"]
[Round "2"]
[White "Lange, Siegfried"]
[Black "Breyther, Ruediger"]
[Result "1/2-1/2"]
[WhiteElo "2110"]
[BlackElo "2358"]

1.d4 Nf6 2.Bg5 e6 3.e4 h6 4.Bxf6 Qxf6 5.Nc3 d6 6.Qd2 g6 7.O-O-O Bg7 8.f4 Bd7
9.Nf3 Nc6 10.e5 dxe5 11.dxe5 Qe7 12.Qe3 O-O-O 13.a3 Kb8 14.Bd3 a6 15.Ne4 Bc8
16.Be2 Rd5 17.c4 Rxd1+ 18.Rxd1 Rd8 19.Rxd8 Qxd8 20.Kc2 Bf8 21.Kc3 b6 22.Nd4 Nxd4
23.Qxd4 Qxd4+ 24.Kxd4 Bb7 25.g4 Be7 26.Kd3 Kc8 27.Nd2 f5 28.gxf5 gxf5 29.Bf3 Bxf3
30.Nxf3 Kd7 31.b4 c5 32.Kc3 cxb4+ 33.axb4 a5 34.bxa5 bxa5 35.Kb3 Bc5 36.Ne1 Kc6
37.Nd3 Kb6 38.h3 Be3 39.Ka4 Bc5 40.Kb3 Be3 41.Ka4 Bd4 42.Kb3 Be3  1/2-1/2

[Event "VAM Hoogeveen op"]
[Site "Hoogeveen"]
[Date "1999.10.18"]
[Round "4"]
[White "Amesz, Jaap"]
[Black "Tare, M."]
[Result "1-0"]
[WhiteElo "2217"]
[BlackElo "2139"]

1.d4 Nf6 2.Bg5 e6 3.e4 Be7 4.e5 Nd5 5.Bxe7 Qxe7 6.c4 Qb4+ 7.Nd2 Nb6 8.Qc2 Qe7
9.f4 d5 10.c5 N6d7 11.Ngf3 c6 12.b4 Nf8 13.a4 b6 14.Nb3 Bb7 15.Bd3 Ng6 16.g3 Nd7
17.h4 Ngf8 18.O-O f6 19.b5 Rc8 20.Rfc1 f5 21.a5 h6 22.axb6 axb6 23.Ra7 Rb8
24.cxb6 cxb5 25.Rxb7 Rxb7 26.Qc8+ Kf7 27.Qxb7 Qa3 28.Nfd2 g5 29.Bxb5  1-0

[Event "Chigorin mem"]
[Site "St Petersburg"]
[Date "1999.11.05"]
[Round "4"]
[White "Terekhov, Andrey"]
[Black "Lukin, Andrei M"]
[Result "0-1"]
[WhiteElo "2316"]
[BlackElo "2438"]

1.d4 Nf6 2.Bg5 e6 3.e4 h6 4.Bxf6 Qxf6 5.Nf3 Qe7 6.c3 d6 7.Bd3 g6 8.Qe2 Bg7
9.Nbd2 Nd7 10.O-O O-O 11.e5 a5 12.Nc4 b6 13.exd6 cxd6 14.d5 e5 15.Nd4 Nf6
16.Nxb6 Qb7 17.Nxc8 Rfxc8 18.Nb5 Qxd5 19.c4 Qe6 20.Nc3 e4 21.Nxe4 Nxe4 22.Qxe4 Qxe4
23.Bxe4 Rab8 24.Rad1 Rxb2 25.Rxd6 Rxc4 26.Bd5 Rd4 27.Rd7 Kh7 28.Bc6 Rxd7
29.Bxd7 Rxa2 30.f4 Bd4+ 31.Kh1 a4 32.f5 a3 33.fxg6+ Kxg6 34.Bf5+ Kg7 35.Bd3 Rd2
36.Bc4 a2  0-1

[Event "Chigorin mem"]
[Site "St Petersburg"]
[Date "1999.11.08"]
[Round "7"]
[White "Popov, Valerij"]
[Black "Dzjuba, Vsevolod"]
[Result "1-0"]
[WhiteElo "2523"]
[BlackElo "2200"]

1.d4 Nf6 2.Bg5 e6 3.Nd2 c5 4.e3 b6 5.Ngf3 Bb7 6.Bd3 Be7 7.O-O O-O 8.c3 d5
9.dxc5 bxc5 10.c4 Nbd7 11.cxd5 exd5 12.Qc2 Re8 13.Rfd1 Qb6 14.Rac1 h6 15.Bh4 g6
16.h3 Rac8 17.Bg3 Bf8 18.b3 Bg7 19.Bh2 Kh7 20.a3 Qa5 21.Nh4 Nf8 22.Nhf3 N8d7
23.a4 a6 24.Bf1 Bc6 25.Rb1 Qb4 26.Bxa6 Ra8 27.Bf1 Rec8 28.Rdc1 c4 29.Nd4 Nc5
30.Nxc6 Rxc6 31.bxc4 Qxa4 32.cxd5 Nxd5 33.Qxa4 Rxa4 34.Bb5  1-0

[Event "Chigorin mem"]
[Site "St Petersburg"]
[Date "1999.11.10"]
[Round "9"]
[White "Evseev, Denis"]
[Black "Dzjuba, Vsevolod"]
[Result "1-0"]
[WhiteElo "2539"]
[BlackElo "2200"]

1.d4 Nf6 2.Bg5 e6 3.Nd2 c5 4.e3 b6 5.Ngf3 Be7 6.Bd3 O-O 7.O-O Bb7 8.c3 d5
9.Ne5 Nbd7 10.f4 Ne8 11.Qh5 g6 12.Qh3 Ng7 13.Bxe7 Qxe7 14.Ndf3 f6 15.Nxd7 Qxd7
16.g4 a5 17.Rf2 Ba6 18.Bc2 Qb5 19.Re1 Rac8 20.Qh6 Rc7 21.Bb1 Qe8 22.h4 Qf7
23.h5 Ne8 24.hxg6 hxg6 25.Rg2 Nd6 26.g5 Qg7 27.Bxg6 f5 28.Ne5 Nc4 29.Bxf5 exf5
30.Qe6+  1-0

[Event "ch-ESP (team) Div 2"]
[Site "Cala Galdana ESP"]
[Date "1999.11.11"]
[Round "4"]
[White "Lillo Ferrer,J"]
[Black "Timon Piote,S"]
[Result "1-0"]
[WhiteElo "2242"]
[BlackElo "2155"]

1.d4 Nf6 2.Bg5 e6 3.e4 h6 4.Bxf6 Qxf6 5.Nc3 Bb4 6.Qd2 O-O 7.a3 Bxc3 8.Qxc3 d5
9.e5 Qe7 10.f4 a5 11.Nf3 b6 12.Qb3 a4 13.Qa2 c5 14.c3 Nc6 15.Bb5 Na5 16.O-O Nb3
17.f5 exf5 18.Bc6 Ra5 19.Rae1 c4 20.e6 Bxe6 21.Rf2 Qd6 22.Ne5 f6 23.Ng6 Rd8
24.Qb1 Bf7 25.Qxf5 Ra7 26.Bb5 Bxg6 27.Qxg6 Re7 28.Rfe2 Rxe2 29.Rxe2 Nc1 30.Re8+ Rxe8
31.Qxe8+ Kh7 32.Bxa4 Nd3 33.g3 Nxb2 34.Bd7 f5 35.Bxf5+ g6 36.Qf7+  1-0

[Event "ESP-chT Div 1"]
[Site "Cala Galdana"]
[Date "1999.11.11"]
[Round "4"]
[White "Gonzalez Velez, Fermin"]
[Black "Duran Albareda, Xavier"]
[Result "1-0"]
[WhiteElo "2344"]
[BlackElo "2206"]

1.d4 Nf6 2.Bg5 e6 3.e4 h6 4.Bxf6 Qxf6 5.Nc3 d6 6.Qd2 Nd7 7.O-O-O c6 8.h4 e5
9.Nf3 g6 10.dxe5 dxe5 11.Nb5 Kd8 12.Qa5+ b6 13.Qc3 Bg7 14.Nd6 Kc7 15.Bb5 Nb8
16.Rd2 a6 17.Bc4 Be6 18.Rhd1 Nd7 19.Nxf7 Qxf7 20.Bxe6 Qxe6 21.Rxd7+ Qxd7
22.Rxd7+ Kxd7 23.Qb3 Rhe8 24.Qxb6 Reb8 25.Qc5 Rb5 26.Qc4 Bf6 27.a4 Rb7 28.Qf7+ Be7
29.Nxe5+ Kd6 30.f4 Rf8 31.Qxg6+ Rf6 32.Qg3 Rb4 33.Qd3+  1-0

[Event "28th It"]
[Site "Lazarevac YUG"]
[Date "1999.11.11"]
[Round "11"]
[White "Benkovic,P"]
[Black "Govedarica,R"]
[Result "0-1"]
[WhiteElo "2328"]
[BlackElo "2476"]

1.d4 Nf6 2.Bg5 e6 3.Nf3 Be7 4.Nbd2 c5 5.e3 b6 6.c3 Bb7 7.Bxf6 Bxf6 8.Bd3 cxd4
9.exd4 O-O 10.Qe2 Re8 11.O-O a6 12.a4 Nc6 13.Rfe1 g6 14.Ne5 Qc7 15.f4 Bg7
16.Nxc6 Bxc6 17.Rf1 b5 18.axb5 axb5 19.Bxb5 Rxa1 20.Rxa1 Bxb5 21.Qxb5 Rb8
22.Qg5 h6 23.Qh4 Rxb2 24.Ra8+ Kh7 25.Nf3 f6 26.Qg3 Rb1+ 27.Kf2 Qc4 28.Nd2 Rb2
29.Ke1 Qc6 30.Qf3 d5 31.Ra1 Rc2 32.Ra3 Rc1+ 33.Kf2 Qc7 34.Qe3 h5 35.g3 Qb6
36.Kf3 Qb2 37.Rb3 Qc2 38.Kf2 Rd1 39.Ke2 Rxd2+ 40.Qxd2 Qxb3  0-1

[Event "ESP-chT Div 1"]
[Site "Cala Galdana"]
[Date "1999.11.12"]
[Round "5"]
[White "Gonzalez Velez, Fermin"]
[Black "Vehi Bach, Victor Manuel"]
[Result "1/2-1/2"]
[WhiteElo "2344"]
[BlackElo "2389"]

1.d4 Nf6 2.Bg5 e6 3.e4 h6 4.Bxf6 Qxf6 5.Nc3 d6 6.Qd2 a6 7.h4 g6 8.O-O-O Bg7
9.f4 b5 10.Nf3 Bb7 11.e5 Qe7 12.Bd3 Nd7 13.Qe2 b4 14.Ne4 d5 15.Ned2 c5 16.dxc5 Nxc5
17.h5 gxh5 18.Nb3 Nxd3+ 19.Qxd3 Qc7 20.f5 O-O-O 21.f6 Bf8 22.Rxh5  1/2-1/2

[Event "ch-ESP (team) Div 2"]
[Site "Cala Galdana ESP"]
[Date "1999.11.13"]
[Round "6"]
[White "Lillo Ferrer,J"]
[Black "Cabello Fernandez,E"]
[Result "0-1"]
[WhiteElo "2242"]
[BlackElo "2160"]

1.d4 Nf6 2.Bg5 e6 3.e4 h6 4.Bxf6 Qxf6 5.Nc3 d6 6.Qd2 a6 7.f4 g5 8.Nh3 gxf4
9.Nxf4 h5 10.Qf2 Nc6 11.Nfe2 Qxf2+ 12.Kxf2 Bg7 13.Rd1 Nb4 14.a3 Nxc2 15.g3 c5
16.dxc5 dxc5 17.Na4 Nd4 18.Nxc5 Nxe2 19.Kxe2 Bxb2 20.a4 Ba3 21.Nd3 Bd7 22.Bg2 Rc8
23.e5 Bxa4 24.Bxb7 Bxd1+  0-1

[Event "Eu Team Ch (women)"]
[Site "Batumi GEO"]
[Date "1999.12.06"]
[Round "8"]
[White "Wilman,C"]
[Black "Puuska,H"]
[Result "1/2-1/2"]
[WhiteElo "2070"]
[BlackElo "2035"]

1.d4 Nf6 2.Bg5 e6 3.e3 Be7 4.Bd3 d5 5.Bxf6 Bxf6 6.f4 c5 7.c3 Bh4+ 8.g3 Bf6
9.Nf3 Nd7 10.Nbd2 a6 11.Ne5 g6 12.O-O cxd4 13.Nxd7 Bxd7 14.exd4 b5 15.a3 a5
16.Nf3 O-O 17.Ne5 Rb8 18.Qd2 Be7 19.Be2 b4 20.axb4 axb4 21.Ra7 Be8 22.Rfa1 bxc3
23.bxc3 Bd6 24.Qe3 Bxe5 25.Qxe5 Rc8 26.Qe3 Bd7 27.Qc1 Rc7 28.Rxc7 Qxc7 29.c4 dxc4
30.Qxc4 Qb6 31.Rd1 Rc8 32.Qd3 Bc6 33.Rb1 Qd8 34.Bf1 Qd7 35.Kf2 Rb8 36.Qc3 Ba4
37.Rc1 Rd8 38.Ke3 Rb8 39.Kf2 Rd8 40.Ke3  1/2-1/2

[Event "Eu Team Ch"]
[Site "Batumi GEO"]
[Date "1999.12.07"]
[Round "9"]
[White "Manninen,M"]
[Black "Bakhtadze,G"]
[Result "0-1"]
[WhiteElo "2426"]
[BlackElo "2403"]

1.d4 Nf6 2.Bg5 e6 3.e4 h6 4.Bxf6 Qxf6 5.Nc3 Bb4 6.Qd2 d6 7.a3 Ba5 8.f4 Bxc3
9.bxc3 e5 10.g3 O-O 11.Nf3 exd4 12.cxd4 Re8 13.e5 dxe5 14.Nxe5 Qd6 15.Bc4 Be6
16.Bxe6 Rxe6 17.O-O Nc6 18.Rfd1 Rd8 19.Qf2 Nxe5 20.fxe5 Qd5 21.Rd3 Rc6 22.c3 Ra6
23.Qa2 Ra4 24.Qb2 b5 25.Re1 a6 26.e6 fxe6 27.Rde3 Rd6 28.Re5 Qf3 29.Rc5 Rc6
30.Rxc6 Qxc6 31.Re3 Rc4 32.Qe2 Qd7 33.Rxe6 Rxc3 34.Qe5 Rc4 35.d5 Qf7 36.Qe3 Qf5
37.Qd2 Rc2 38.Qe3 Qxd5  0-1

[Event "WGM"]
[Site "Groningen NED"]
[Date "1999.12.21"]
[Round "3"]
[White "Stefanova,A"]
[Black "Khurtsidze,N"]
[Result "1-0"]
[WhiteElo "2444"]
[BlackElo "2472"]

1.d4 Nf6 2.Bg5 e6 3.Nd2 h6 4.Bh4 c5 5.e3 cxd4 6.exd4 Be7 7.c3 b6 8.f4 Bb7
9.Bxf6 Bxf6 10.Ngf3 Qc7 11.g3 g5 12.fxg5 hxg5 13.g4 Nc6 14.Bd3 Qf4 15.Rf1 Ne7
16.Nc4 Nd5 17.Nfe5 Qxh2 18.Nd6+ Ke7 19.Qa4 Qg3+ 20.Kd1 Bc6 21.Qa3 Kd8 22.Rxf6 Nxf6
23.Kc2 Rh2+ 24.Kb3 Kc7 25.Ndxf7 Nxg4 26.Nxg4 Qxg4 27.Qd6+ Kb7 28.Qxh2 Bd5+
29.Ka3 a6 30.Qd6 Bc6 31.Ne5 Qg3 32.Rf1 Rh8 33.Rf7 Rc8 34.Be4  1-0

[Event "Young Masters"]
[Site "Groningen NED"]
[Date "1999.12.21"]
[Round "3"]
[White "Leroy,D"]
[Black "Nenashev,A"]
[Result "1/2-1/2"]
[WhiteElo "2325"]
[BlackElo "2584"]

1.d4 Nf6 2.Bg5 e6 3.e4 h6 4.Bxf6 Qxf6 5.Nc3 Bb4 6.Qd2 c5 7.a3 cxd4 8.axb4 dxc3
9.Qxc3 Qxc3+ 10.bxc3 b6 11.Bd3 Bb7 12.Ne2 a5 13.Kd2 Nc6 14.Rhb1 axb4 15.Rxa8+ Bxa8
16.cxb4 Ke7 17.c3 g6 18.Ra1 f5 19.f4 Bb7 20.Ke3 Rb8 21.g3 Nd8 22.Nd4 Nf7
23.Nb5 fxe4 24.Bxe4 Bxe4 25.Kxe4 d5+ 26.Kd3 g5 27.Nd4 Kd6 28.Nb5+ Ke7 29.Nd4 Kd6
30.Nb5+  1/2-1/2

[Event "III Open"]
[Site "Cali COL"]
[Date "1999.12.26"]
[Round "1"]
[White "Castro,O"]
[Black "Uribe,M"]
[Result "1-0"]
[WhiteElo "2359"]
[BlackElo "2208"]

1.d4 Nf6 2.Bg5 e6 3.e4 h6 4.Bxf6 Qxf6 5.Nc3 d6 6.Qd2 g6 7.f4 Bg7 8.Nf3 a6
9.e5 dxe5 10.fxe5 Qd8 11.Be2 Bd7 12.O-O Bc6 13.Rad1 O-O 14.Qf4 Nd7 15.Ne4 Bxe4
16.Qxe4 b5 17.h4 Nb6 18.h5 Qd5 19.Qg4 gxh5 20.Qxh5 Nc4 21.Nh2 Qe4 22.Bxc4 bxc4
23.Ng4 Qg6 24.Qxg6 fxg6 25.Ne3 c5 26.Nxc4 Rxf1+ 27.Kxf1 Rf8+ 28.Ke2 cxd4
29.Rxd4 Rf5 30.Rd8+ Kh7 31.Rd6 Bxe5 32.Rxa6 Bg3 33.Rxe6 Rf2+ 34.Kd3 Rxg2
35.Re7+ Kg8 36.a4 h5 37.a5 h4 38.a6 Bf2 39.Ne3 Rg3 40.a7 Kf8 41.Re4  1-0

[Event "8th Danube Open"]
[Site "Aschach AUT"]
[Date "1999.12.27"]
[Round "3"]
[White "Knoll,H"]
[Black "Aschauer,G"]
[Result "1-0"]
[WhiteElo "2318"]
[BlackElo "2108"]

1.d4 Nf6 2.Bg5 e6 3.e4 h6 4.Bxf6 Qxf6 5.Nc3 d6 6.Qd2 Nd7 7.O-O-O a6 8.f4 Qe7
9.Nf3 g6 10.h4 h5 11.Kb1 b5 12.f5 Bh6 13.Qd3 Rg8 14.Re1 Bb7 15.fxe6 fxe6
16.g3 O-O-O 17.Bh3 Rde8 18.a4 b4 19.Na2 c5 20.d5 e5 21.Nd2 Bxd2 22.Qxd2 Kc7
23.c3 bxc3 24.Qxc3 Kb8 25.Qa5 Qd8 26.Qxd8+ Rxd8 27.Rhf1 Nb6 28.Nc3 Rgf8 29.b3 Rg8
30.Be6 Rg7 31.Nd1 Re8 32.Ne3 Bc8 33.Bxc8 Nxc8 34.Rf6 Ree7 35.Ref1 Kc7 36.Rf8 Rd7
37.b4 Rd8 38.Rxd8 Kxd8 39.bxc5 dxc5 40.Nc4 Rb7+ 41.Kc2 Rb4 42.Kc3 Ke7 43.Nxe5 Rxe4
44.Nxg6+ Kd6 45.Rf6+ Kc7 46.Rxa6 Nb6 47.Nf4 Re3+ 48.Kc2 Kb7 49.Ra5 Rxg3 50.Rb5 Ka6
51.Rxc5 Nxa4 52.Rc6+ Kb7 53.Ne6 Rg4 54.Rc7+ Kb8 55.d6 Nb6 56.Nc5 Ka8 57.Rc6 Ka7
58.Ne6 Kb7 59.Rxb6+ Kxb6 60.d7 Rg8 61.Kd3 Kc6 62.d8=Q Rxd8+ 63.Nxd8+ Kd5
64.Ke3 Ke5 65.Kf3 Kf5  1-0

[Event "8th Danube Open"]
[Site "Aschach AUT"]
[Date "1999.12.28"]
[Round "4"]
[White "Hansen,Kay"]
[Black "Koeller,O"]
[Result "1/2-1/2"]
[WhiteElo "2240"]
[BlackElo "2293"]

1.d4 Nf6 2.Bg5 e6 3.c3 b6 4.Nd2 Bb7 5.Ngf3 d5 6.Qc2 Nbd7 7.Ne5 Be7 8.Ndf3 O-O
9.e3 h6 10.Bh4 c5 11.a4 a6 12.Be2 Rc8 13.O-O Ne4  1/2-1/2

[Event "8th Danube Open"]
[Site "Aschach AUT"]
[Date "1999.12.29"]
[Round "5"]
[White "Moser,G"]
[Black "Cvek,R"]
[Result "0-1"]
[WhiteElo "2315"]
[BlackElo "2444"]

1.d4 Nf6 2.Bg5 e6 3.e3 c5 4.Nd2 Nc6 5.c3 d5 6.f4 Qb6 7.Rb1 Bd6 8.Bd3 cxd4
9.cxd4 Nb4 10.Be2 Ne4 11.Ngf3 h6 12.Bh4 g5 13.Bg3 Bd7 14.a3 gxf4 15.exf4 Nxg3
16.hxg3 Nc6 17.Nb3 Ne7 18.Qd3 a6 19.Qc3 Nf5 20.Nfd2 Ke7 21.Rh3 Rac8 22.Qa5 Qxa5
23.Nxa5 Nxd4 24.Nxb7 Bc7 25.Nc5 Nxe2 26.Kxe2 Bb5+ 27.Nd3 Ba5 28.g4 Rhg8 29.b4 Bb6
30.a4 Bxa4 31.Ne5 Bb5+  0-1

[Event "107th ch-NZL"]
[Site "Auckland NZL"]
[Date "1999.12.29"]
[Round "2"]
[White "Ker,A"]
[Black "Rogers,I"]
[Result "0-1"]
[WhiteElo "2321"]
[BlackElo "2574"]

1.d4 Nf6 2.Bg5 e6 3.e4 h6 4.Bxf6 Qxf6 5.Nf3 d6 6.Nc3 Nd7 7.Qd2 a6 8.O-O-O Qd8
9.h4 b5 10.g3 Bb7 11.Qf4 Rc8 12.Bh3 c5 13.d5 e5 14.Qe3 Be7 15.Kb1 Rb8 16.Bxd7+ Qxd7
17.Nd2 Bc8 18.f4 Bf6 19.f5 h5 20.g4 hxg4 21.h5 Ke7 22.Rdg1 Qc7 23.Nd1 c4
24.Nf2 Qb6 25.Nxg4 Qxe3 26.Nxe3 Bd7 27.Nf3 Rh7 28.Rh2 Rbh8 29.Rgh1 Kf8 30.Ng4 Bd8
31.Kc1 g6 32.hxg6 Rxh2 33.Rxh2 Rxh2 34.g7+ Kxg7 35.Ngxh2 Bb6 36.Kd2 f6 37.Nf1 Be8
38.Ng3 Kh6 39.Ke2 a5 40.c3 a4 41.a3 Bf7 42.Nh2 Kg5 43.Kf3 Bg1 44.Ng4 Be8
45.Ne3 Bxe3 46.Kxe3 Bh5 47.Kf2 Bd1 48.Ke3 Kh4 49.Nh1 Bh5 50.Kf2 Bd1 51.Ke3 Kg5
52.Nf2 Bh5 53.Nh1 Kg4 54.Nf2+ Kg3 55.Nh1+ Kg2 56.Nf2 Bf3 57.Nh3 Kxh3 58.Kxf3 Kh4  0-1

[Event "Challengers"]
[Site "Hastings ENG"]
[Date "1999.12.29"]
[Round "1"]
[White "Bigg,A"]
[Black "Van Laatum,G"]
[Result "1-0"]
[WhiteElo "2208"]
[BlackElo "2361"]

1.d4 Nf6 2.Bg5 e6 3.e4 h6 4.Bxf6 Qxf6 5.Nf3 d6 6.Nc3 Nd7 7.Qd2 c6 8.O-O-O e5
9.dxe5 dxe5 10.Nb5 Kd8 11.Qa5+ b6 12.Qa4 a6 13.Nd6 Kc7  1-0

[Event "8th Danube Open"]
[Site "Aschach AUT"]
[Date "1999.12.30"]
[Round "7"]
[White "Moser,G"]
[Black "Obermayr,H"]
[Result "1-0"]
[WhiteElo "2315"]
[BlackElo "2174"]

1.d4 Nf6 2.Bg5 e6 3.e4 h6 4.Bxf6 Qxf6 5.Nf3 d6 6.Nc3 g5 7.h3 Bg7 8.Qd2 Bd7
9.Be2 Nc6 10.Nb5 Qd8 11.c3 a6 12.Na3 Qe7 13.Nc4 O-O-O 14.O-O-O d5 15.exd5 exd5
16.Ne3 f5 17.Qc2 Qf7 18.Bd3 Rhf8 19.Rde1 Ne7 20.Qb3 Be6 21.Nc2 Rd6 22.Qa3 Ng6
23.Ne5 Bxe5 24.dxe5 Rb6 25.g3 Kb8 26.Nd4 Rc8 27.Qc5 Qe7 28.b4 Qd7 29.Kb2 Ne7
30.g4 Rf8 31.gxf5 Bxf5 32.Bxf5 Qe8 33.Bc2 a5 34.a3 axb4 35.axb4 Nc6 36.Re2 Rf4
37.Rd1 Qh5 38.f3 Qxh3 39.e6 Nxd4 40.e7 Nxe2 41.e8=Q+ Qc8 42.Qxe2 Qh8 43.Rd4 Rxd4
44.Qxd4 Qc8 45.Qee5  1-0

[Event "107th ch-NZL"]
[Site "Auckland NZL"]
[Date "1999.12.31"]
[Round "4"]
[White "Ker,A"]
[Black "Watson,B"]
[Result "1-0"]
[WhiteElo "2321"]
[BlackElo "2260"]

1.d4 Nf6 2.Bg5 e6 3.Nd2 c5 4.Ne4 Be7 5.Bxf6 gxf6 6.dxc5 Bf8 7.Qd2 Bxc5 8.Nd6+ Bxd6
9.Qxd6 Qe7 10.Qd2 d5 11.Nf3 Nc6 12.g3 e5 13.Bg2 Be6 14.e3 Rd8 15.O-O h5 16.Nh4 d4
17.c3 d3 18.e4 Qd7 19.Qe3 d2 20.Rfd1 Na5 21.Bf1 Bc4 22.b3 Bxf1 23.Kxf1 Nc6
24.Ke2 O-O 25.Rxd2 Qg4+ 26.Qf3 Rxd2+ 27.Kxd2 Rd8+ 28.Ke2 Qd7 29.Qe3 Ne7 30.Rc1 Qb5+
31.c4 Qa5 32.Rc2 Nc6 33.Nf5 Nd4+ 34.Nxd4 exd4 35.Qd3 Qe5 36.f4 Qe6 37.Kf2 Qh3
38.Kg1 h4 39.Rd2 Qg4 40.Kg2 h3+ 41.Kf2 a5 42.f5 Re8 43.Re2 Re5 44.Qf3 Qg5
45.Qf4 Qh5 46.Rd2 b5 47.Rxd4 bxc4 48.Rd8+ Kg7 49.bxc4 a4 50.a3 Kh7 51.Ke1 Kg7
52.Kd2 Rc5 53.Qd6 Qg5+ 54.Kd3  1-0

[Event "Agneaux St Lo op"]
[Site "Agneaux"]
[Date "1999.??.??"]
[Round "6"]
[White "Berkes, Ferenc"]
[Black "Nevednichy, Vladislav"]
[Result "0-1"]
[WhiteElo "2345"]
[BlackElo "2505"]

1.d4 Nf6 2.Bg5 e6 3.Nd2 h6 4.Bh4 d5 5.Ngf3 Be7 6.e3 O-O 7.Bd3 Nbd7 8.O-O b6
9.c3 Bb7 10.Qe2 Ne4 11.Bxe7 Qxe7 12.Bc2 f5 13.Ne1 e5 14.Ndf3 Nd6 15.dxe5 Nxe5
16.Rd1 Nec4 17.b3 Ne5 18.Qd2 Ng4 19.Nd3 Ne4 20.Qe1 g5 21.Nd4 c5 22.f3 Nxc3
23.Qxc3 cxd4 24.exd4 Rac8 25.Qd2 Qe3+ 26.Rf2 Qxd2 27.Rfxd2 Ne3 28.Rc1 f4
29.Kf2 Ba6 30.Nb4 Bb5 31.a4 Bd7 32.Na2 Kf7 33.Bd3 Kf6 34.Ba6 Rxc1 35.Nxc1 Bf5
36.g3 Bc2 37.Ne2 Bxb3 38.gxf4 Nf5 39.Bd3 Rc8 40.fxg5+ hxg5 41.Bb5 Rh8 42.Kg1 Rh4
43.Kg2 Bd1 44.Nc3 Bb3 45.Ne2 Ke6 46.f4 Kf6 47.fxg5+ Kxg5 48.Ng1 Rh8 49.Nh3+ Kf6
50.Nf4 Bc4 51.Kf3 Rd8 52.Kg4 Rg8+ 53.Kf3 Nh4+ 54.Ke3 Nf5+ 55.Kf3 Rg1 56.Bc6 Rf1+
57.Kg4 Nh6+ 58.Kg3 Nf5+ 59.Kg4 Ne3+ 60.Kg3 Kf5 61.Bd7+ Ke4 62.Nh3 Nf5+ 63.Kg2 Ke3
64.Rc2 Nh4+ 65.Kg3 Ng6 66.Rf2 Kxd4 67.Rxf1 Bxf1 68.Ng5 Ke3 69.h4 Ne5 70.Bf5 Be2  0-1

[Event "AUT-chT 9899"]
[Site "AUT"]
[Date "1999.??.??"]
[Round "?"]
[White "Duer, Werner"]
[Black "Neuschmied, Siegfried"]
[Result "0-1"]
[WhiteElo "2320"]
[BlackElo "2205"]

1.d4 Nf6 2.Bg5 e6 3.Nf3 h6 4.Bxf6 Qxf6 5.e4 d5 6.e5 Qe7 7.c3 g5 8.Nbd2 Bd7
9.Bd3 c5 10.O-O Nc6 11.dxc5 g4 12.Nd4 Nxe5 13.N2b3 a6 14.Bc2 Rg8 15.Qe2 Rg5
16.Kh1 Rh5 17.g3 Bb5 18.Qe3 Bxf1 19.Rxf1 Qg5 20.Qe2 Rc8 21.f4 gxf3 22.Nxf3 Qxg3
23.Nxe5 Qxe5 24.Qf2 f5 25.Bd1 Rh3 26.Nd4 Bxc5 27.Qg2 Re3 28.Nf3 Qf6 29.a4 Kd7
30.b4 Bd6 31.a5 Rcxc3 32.Ba4+ Kc7 33.b5 axb5 34.Bxb5 Rb3  0-1

[Event "ROM-ch sf"]
[Site "Baile Tusnad"]
[Date "1999.??.??"]
[Round "5"]
[White "Breahna, Radu"]
[Black "Itkis, Boris"]
[Result "1/2-1/2"]
[WhiteElo "2320"]
[BlackElo "2437"]

1.d4 Nf6 2.Bg5 e6 3.c3 c5 4.e3 b6 5.Nd2 Bb7 6.Ngf3 Be7 7.Bd3 h6 8.Bh4 d6
9.O-O cxd4 10.cxd4 Nbd7 11.Qe2 O-O 12.Ba6 Qc8 13.Bxb7 Qxb7 14.Rfc1 Rfc8 15.Nb3 b5
16.Ne1 a6 17.f3 Rxc1 18.Rxc1 Rc8  1/2-1/2

[Event "ROM-ch sf"]
[Site "Baile Tusnad"]
[Date "1999.??.??"]
[Round "8"]
[White "Sima, Marian"]
[Black "Burnoiu, Costel"]
[Result "0-1"]
[WhiteElo "2212"]
[BlackElo "2312"]

1.d4 Nf6 2.Bg5 e6 3.e3 c5 4.c3 d5 5.Nd2 Nc6 6.f4 Be7 7.Ngf3 O-O 8.Bd3 Nd7
9.Qb1 h6 10.Bxe7 Qxe7 11.O-O f5 12.Ne5 Ndxe5 13.dxe5 Rb8 14.a4 a6 15.Qd1 b5
16.axb5 axb5 17.g4 c4 18.Bc2 Qc5 19.Rf3 fxg4 20.Rf2 Qxe3 21.Nf1 Qc5 22.Qe2 Rxf4
23.Ne3  0-1

[Event "ATL-ch"]
[Site "Barranquilla"]
[Date "1999.??.??"]
[Round "2"]
[White "Diaz, Aleksei"]
[Black "Mendoza, Rafael"]
[Result "0-1"]
[WhiteElo "2020"]
[BlackElo "2355"]

1.d4 Nf6 2.Bg5 e6 3.Nf3 d5 4.e3 c5 5.c3 Qb6 6.Qc2 Nc6 7.Nbd2 Bd7 8.Ne5 cxd4
9.Bxf6 dxe3 10.Nxd7 Kxd7 11.Bg5 exd2+ 12.Qxd2 Be7 13.Bf4 Rad8 14.Be2 Kc8
15.O-O Bd6 16.Be3 Qc7 17.h3 Kb8 18.b4 Rc8 19.Rfc1 f5 20.f3 Rhg8 21.Rab1 g5
22.b5 Ne5 23.Bxa7+ Ka8 24.Bd4 b6 25.a4 Bc5 26.a5 Kb7 27.axb6 Qxb6 28.Kh1 Bxd4
29.cxd4 Nc4 30.Qb4 g4 31.fxg4 fxg4 32.Bxg4 h5 33.Bxh5 Rg7 34.Rf1 Qxd4 35.Rf7+ Rxf7
36.Bxf7 Qf6 37.Bh5 Qg5 38.Bg4 Ne3 39.Bf3 Nf5 40.Qg4 Rc1+ 41.Rxc1 Qxc1+ 42.Kh2 Qc7+
43.Kg1 Kb6 44.Bxd5 Qc5+ 45.Kh2 Qxd5 46.Qa4 Qe5+ 47.Kg1 Qxb5 48.Qa8 Qe5 49.Qd8+ Qc7
50.Qxc7+ Kxc7 51.Kf2 Kd6 52.g4 Ne7 53.Ke3 Ke5 54.h4 Ng6 55.h5 Nf4 56.h6 Ng6
57.Kf3 Kf6 58.Ke4 Kg5 59.h7 Kf6 60.Kd4 Kg7 61.Kc5 Kxh7 62.Kd6 Nf8 63.Ke7 Kg7
64.Kd6 Kf6 65.Kc5  0-1

[Event "Oberliga Bayern9899"]
[Site "Bayern"]
[Date "1999.??.??"]
[Round "?"]
[White "Bredl, Harald"]
[Black "Wenzel, Johannes"]
[Result "1/2-1/2"]
[WhiteElo "2285"]
[BlackElo "2125"]

1.d4 Nf6 2.Bg5 e6 3.e4 h6 4.Bxf6 Qxf6 5.Nc3 Bb4 6.Qd2 d6 7.O-O-O O-O 8.f4 Bxc3
9.bxc3 e5 10.g3 exd4 11.Qxd4 Qxd4 12.cxd4 b6 13.Bg2 Bb7 14.Ne2 Nd7 15.Nc3 Rfe8
16.Nb5 Bxe4 17.Bxe4 Rxe4 18.Nxc7 Rc8 19.Nb5 Re2 20.Rd2 Rxd2 21.Kxd2 d5 22.Nxa7 Rc4
23.Kd3 Nf6 24.Re1 Ra4 25.Nc8 Ra3+ 26.c3 b5 27.Rb1 Rxa2 28.Rxb5 Rxh2 29.Ne7+ Kf8
30.Nxd5 Nxd5 31.Rxd5 Rg2 32.c4 Rxg3+ 33.Kd2 Ra3 34.c5 Ra6 35.Re5 Re6 36.Rd5 Ke7
37.Kd3 Re1 38.c6 Rc1 39.Rd7+ Ke8 40.d5 g5 41.Rd6 gxf4 42.Rxh6 f3 43.Rf6 Ke7
44.Rxf3 Kd6 45.Kd2 Rc4 46.Rc3 Rd4+ 47.Ke3 Rh4 48.c7 Rh3+ 49.Kd2  1/2-1/2

[Event "Oberliga Bayern9899"]
[Site "Bayern"]
[Date "1999.??.??"]
[Round "?"]
[White "Bredl, Harald"]
[Black "Speckner, Roland"]
[Result "0-1"]
[WhiteElo "2285"]
[BlackElo "2365"]

1.d4 Nf6 2.Bg5 e6 3.e4 h6 4.Bxf6 Qxf6 5.Nc3 b6 6.Qd2 Bb7 7.g3 Bb4 8.Bg2 Nc6
9.e5 Qe7 10.a3 Bxc3 11.Qxc3 O-O-O 12.Ne2 Kb8 13.b4 Nxd4 14.Bxb7 Nxe2 15.Kxe2 Kxb7
16.a4 d5 17.a5 Qd7 18.Qd3 b5 19.a6+ Kb8 20.Ra5 c6 21.Qd4 Rhf8 22.Re1 f5 23.f3 Qe7
24.Kd1 Rc8 25.Re3 f4 26.gxf4 Rf7 27.Rc3 Qf8 28.f5 Rxf5 29.Rxc6 Rxc6 30.Rxb5+ Ka8  0-1

[Event "Regionalliga SO9899"]
[Site "Bayern"]
[Date "1999.??.??"]
[Round "?"]
[White "Wagner, Benedikt"]
[Black "Danzer, George"]
[Result "0-1"]
[WhiteElo "1945"]
[BlackElo "1915"]

1.d4 Nf6 2.Bg5 e6 3.e4 c5 4.e5 h6 5.Bc1 Nh7 6.d5 d6 7.Bb5+ Bd7 8.Qe2 Bxb5
9.Qxb5+ Qd7 10.Nc3 exd5 11.Qe2 dxe5 12.Bf4 Nc6 13.O-O-O Qe6 14.Nf3 exf4 15.Qb5 O-O-O  0-1

[Event "Landesliga Nord 9899"]
[Site "Bayern"]
[Date "1999.??.??"]
[Round "?"]
[White "Meulner, Klaus"]
[Black "Stauch, Edgar"]
[Result "1-0"]
[WhiteElo "2085"]
[BlackElo "2060"]

1.d4 Nf6 2.Bg5 e6 3.e4 h6 4.Bxf6 Qxf6 5.Nc3 d6 6.Qd2 c6 7.f4 e5 8.dxe5 dxe5
9.fxe5 Qxe5 10.Nf3 Qa5 11.Bc4 Bb4 12.O-O-O O-O 13.Rhf1 Bxc3 14.Qxc3 Qxc3
15.bxc3 Nd7 16.Rd4 b5 17.Be2 a6 18.Rd6 c5 19.c4 Nf6 20.Nd2 Bb7 21.Rb6 Ra7
22.cxb5 axb5 23.Bxb5 Nxe4 24.Nxe4 Bxe4 25.a4 Bxg2 26.Rg1 Bd5 27.Rxh6 c4 28.Rh5 Be6
29.Kb2 Bd7 30.Rhg5 g6 31.Bxc4 Kh7 32.Bb5 Rb8 33.Kc3 Rc7+ 34.Kb3 f5 35.c4 Be8
36.Kb4 Kh6 37.R5g3 f4 38.Rg4 Bxb5 39.Rxg6+ Kh7 40.axb5 Rf8 41.R6g4 Rf6 42.Rh4+ Rh6
43.Rgg4 Rf7 44.Rxf4 Rxf4 45.Rxf4  1-0

[Event "Cannes"]
[Site "Cannes"]
[Date "1999.??.??"]
[Round "1"]
[White "Poussier, Thierry"]
[Black "Lerch, Patrice"]
[Result "0-1"]
[WhiteElo "2090"]
[BlackElo "2222"]

1.d4 Nf6 2.Bg5 e6 3.e4 h6 4.Bxf6 Qxf6 5.Nc3 Bb4 6.Qd2 d6 7.f4 g5 8.fxg5 hxg5
9.O-O-O Nd7 10.Bd3 Qxd4 11.Nf3 Bxc3 12.bxc3 Qg7 13.Nxg5 Ke7 14.Rdf1 f6 15.Nf3 Qh6
16.Qxh6 Rxh6 17.Rf2 Nb6 18.Rhf1 Bd7 19.h4 e5 20.g4 Bxg4 21.Nh2 Be6 22.Rg1 Rg8
23.Rxg8 Bxg8 24.Ng4 Rxh4 25.Nxf6 Be6 26.Be2 Na4 27.Kd2 Nc5 28.Bd3 c6  0-1

[Event "Cappelle op"]
[Site "Cappelle la Grande"]
[Date "1999.??.??"]
[Round "9"]
[White "Minasian, Artashes"]
[Black "Jenni, Florian"]
[Result "1/2-1/2"]
[WhiteElo "2594"]
[BlackElo "2394"]

1.d4 Nf6 2.Bg5 e6 3.e4 h6 4.Bxf6 Qxf6 5.Nc3 d6 6.Qd2 g5 7.Bc4 c6 8.Nge2 d5
9.Bd3 Bg7 10.O-O Nd7 11.Rae1 O-O 12.f4 Qe7 13.exd5 cxd5 14.Kh1 Nb6 15.Ng3 Qd8
16.f5 exf5 17.Bxf5 Re8 18.Qf2 Rxe1 19.Rxe1 Bxf5 20.Nxf5 Qf6 21.Nb5 Bf8 22.c3 a6
23.Nc7 Rd8 24.Ne8 Qg6 25.g4 Nc8 26.h4 f6 27.Nc7 Qf7 28.Ne6 Re8 29.Nxf8 Rxe1+
30.Qxe1 Kxf8 31.Nxh6 Qe7 32.Qf2 Nd6 33.hxg5 Ne4 34.Qf4 Nxg5 35.Qb8+ Qe8 36.Qd6+ Kg7
37.Nf5+ Kg6 38.Qe7 Qh8+ 39.Kg1 Nh3+ 40.Kg2 Nf4+ 41.Kg1 Kg5 42.Ne3 Nh3+ 43.Kf1 Nf4
44.Kg1 Nh3+ 45.Kf1 Nf4 46.Kg1  1/2-1/2